Készletgazdálkodási rendszervizsgálat kisvállalati szinten

Bibliográfiai részletek
Szerző: Kozma Vivien
További közreműködők: Majoros dr. Pál
Dokumentumtípus: Záródolgozat
Kulcsszavak:Elektromos fűtés
Készletgazdálkodás
Raktározás
Beszerzés
Czinege és Fiai Kft.
Kis- és középvállalkozás
Online Access:http://dolgozattar.uni-bge.hu/15427

MARC

LEADER 00000nta a2200000 i 4500
001 dolg15427
005 20200420064418.0
008 180505suuuu hu o 000 hun d
040 |a BGE Dolgozattár Repozitórium  |b hun 
041 |a hu 
100 1 |a Kozma Vivien 
245 1 0 |a Készletgazdálkodási rendszervizsgálat kisvállalati szinten  |c Kozma Vivien  |h [elektronikus dokumentum] 
246 1 1 |a Készletgazdálkodási rendszervizsgálat kisvállalati szinten 
516 |a Final_paper 
695 |a Elektromos fűtés 
695 |a Készletgazdálkodás 
695 |a Raktározás 
695 |a Beszerzés 
695 |a Czinege és Fiai Kft. 
695 |a Kis- és középvállalkozás 
700 1 |a Majoros dr. Pál   |e ths 
856 4 0 |u http://dolgozattar.uni-bge.hu/15427/1/K%C3%A9szletgazd%C3%A1lkod%C3%A1s%20rendszervizsg%C3%A1lat%20kisv%C3%A1llalati%20szinten.pdf  |z Dokumentum-elérés 
856 4 0 |u http://dolgozattar.uni-bge.hu/15427/2/HivatalosBejegyzes.pdf  |z Dokumentum-elérés